Oriental Jones: a biography of Sir william Jones (1746-1794) (Record no. 361964)

000 -LEADER
fixed length control field 00389cam a22001337a 4500
008 - FIXED-LENGTH DATA ELEMENTS--GENERAL INFORMATION
fixed length control field 180718b1963 xxu||||| |||| 00| 0 eng d
082 ## - DEWEY DECIMAL CLASSIFICATION NUMBER
Classification number A99 J728/C164
100 ## - MAIN ENTRY--PERSONAL NAME
Personal name Cannon, Garland
245 ## - TITLE STATEMENT
Title Oriental Jones: a biography of Sir william Jones (1746-1794)
Statement of responsibility, etc. by Garland Cannon
260 ## - PUBLICATION, DISTRIBUTION, ETC.
Place of publication, distribution, etc. Bombay
Name of publisher, distributor, etc. Asia
Date of publication, distribution, etc. 1963
300 ## - PHYSICAL DESCRIPTION
Extent 215p.
500 ## - GENERAL NOTE
General note Rs.31.00
650 ## - SUBJECT ADDED ENTRY--TOPICAL TERM
Topical term or geographic name entry element Jones, William, 1746-94
Holdings
Withdrawn status Lost status Damaged status Not for loan Permanent Location Current Location Date acquired Full call number Barcode Date last seen Price effective from Koha item type
        Indian Institute of Public Administration Indian Institute of Public Administration 1994-03-19 A99 J728/C164 35040 2018-07-21 2018-07-21 Book

Powered by Koha